mysqli: Table './ulib62015/stat_globaluid' is marked as crashed and should be repaired
select id from stat_globaluid where statuid='20260518005049_4431'
mysqli: Table './ulib62015/stat_globaluid' is marked as crashed and should be repaired
DELETE FROM stat_globaluid
WHERE id NOT IN (
SELECT id
FROM (
SELECT id
FROM stat_globaluid
ORDER BY id DESC
LIMIT 100
) foo
);
mysqli: Table './ulib62015/stat_globaluid' is marked as crashed and should be repaired
insert into stat_globaluid set
statuid='20260518005049_4431',
dt='1779040249',
phpself='/ULIB62015/dublinfull.php',
agent='Mozilla/5.0 AppleWebKit/537.36 (KHTML, like Gecko; compatible; ClaudeBot/1.0; +claudebot@anthropic.com)',
yea='2026',
mon='5',
dat='18',
ip='216.73.216.45'
mysqli: Table './ulib62015/stathist_viewbib_bib_type' is marked as crashed and should be repaired
insert into stathist_viewbib_bib_type set
dat='18' ,
mon='05' ,
yea='2026' ,
statuid='20260518005049_4431' ,
head='31325' ,
foot='marc' ,
dt='1779040249'
| LEADER : 01174nam 2200277 a 4500 |
| 001 31325 |
| 003 ULIB |
| 008 030417s2004 caua sb 001 0 eng |
| 060 ^aอ863ป
|
| 099 ^aวจ^bอ863ป 2551
|
| 100 ^aอุษรีย์ เทพวรชัย
|
| 245 ^aปัจจัยที่มีอิทธิพลต่อผลสัมฤทธิ์ทางการเรียนของนักศึกษา วิทยาลัยพยาบาล สังกัดพระบรมราชชนก กระทรวงสาธารณสุข / ^bอุษรีย์ เทพวรชัย
|
| 260 ^aนนทบุรี :^bวิทยาพยาบาลบรมราชชนนี จังหวัดนนทบุรี,^c2551
|
| 300 ^a94 หน้า:^bตาราง;^c30 ซม.
|
| 500 ^aวิทยาพยาบาลบรมราชชนนี จังหวัดนนทบุรี งานวิจัยโดยทุนอุดหนุนจากวิยาลัยเครือข่ายภาคกลาง 1 สถาบันพระบรมราชชนก สำนักงานปลัดกระทรวง กระทรวงสาธารณสุข มีนาคม 2551
|
| 610 00 ^aวิทยาพยาบาลบรมราชชนนี จังหวัดนนทบุรี^xวิจัย
|
| 650 0 ^xวิทยาพยาบาลบรมราชชนนี จังหวัดนนทบุรี.^y
|
| 710 0 ^aวิทยาพยาบาลบรมราชชนนี จังหวัดนนทบุรี
|
| 945 ^p0^l0^i011487 |
| คุณยังไม่ได้ล็อกอิน คุณสามารถมีกิจกรรมร่วมกับเว็บไซต์ได้ แต่ต้องล็อกอินก่อน :: |
|
|
|
| ลำดับที่ |
ประเภท |
เลขเรียก/บาร์โค้ด |
สถานที่ |
สถานะ |
| 1. |
 หนังสือ | วจ LB อ863ป 2004 Barcode: 011487 | หนังสือทั่วไป | บนชั้น ขอยืม |
|
ยังไม่เคยถูกคอมเมนท์
|
| คอมเมนท์ทรัพยากรรายการนี้ |
|